| 000 | 00583cam a22001931 4500 | ||
|---|---|---|---|
| 001 | rc 01000931 | ||
| 003 | DLC | ||
| 005 | 20260227111902.0 | ||
| 008 | 780308s1858 xx 000 0 eng | ||
| 010 | _arc 01000931 | ||
| 035 | _a(OCoLC)3697506 | ||
| 040 |
_aDLC _cIaGG _dDLC |
||
| 042 | _apremarc | ||
| 050 | 0 | 0 |
_aF621 _b.N86 |
| 245 | 0 | 0 |
_aNorthern Iowa: containing hints and information of value to emigrants. _cBy a pioneer. |
| 260 |
_aDubuque, _bW. A. Adams, printer, _c1858. |
||
| 300 |
_a39 p. _bfront. (fold map) illus. _c22 1/2 cm. |
||
| 651 | 0 |
_aIowa _xDescription and travel. |
|
| 999 |
_c51963 _d51963 |
||